Normal view
MARC view
Entry Topical Term
001 - CONTROL NUMBER
- control field: 15467
003 - CONTROL NUMBER IDENTIFIER
- control field: OSt
005 - DATE AND TIME OF LATEST TRANSACTION
- control field: 20260406103553.0
008 - FIXED-LENGTH DATA ELEMENTS
- fixed length control field: 260406|| aca||aabn | a|a d
040 ## - CATALOGING SOURCE
- Original cataloging agency: OSt
- Transcribing agency: OSt
150 ## - HEADING--TOPICAL TERM
- Topical term or geographic name entry element: Broilers (Chickens)
- General subdivision: Management
- General subdivision: Philippines
- General subdivision: Bohol
670 ## - SOURCE DATA FOUND
- Source citation: Work cat.: (OSt)1104: Rubio, Ruth J. 2080 author., Broiler management of grow-out production division at Marcela Farm Incorporated in Brgy. Gabi Ubay, Bohol /
